000 00423cam a2200157ua 4500
003 OSt
008 250101b |||||||| |||| 00| 0 eng d
020 _a9788175960626
082 _a621.3692
_bGHA/IN
100 _aGhatak, Ajoy .
_96688
245 _aIntroduction to fiber optics /
260 _aCambridge :
_bCambridge University Press ,
_c1999.
300 _a565 ; .
700 1 _aThyagarajan, K .
_96689
942 _cBK
999 _c13347
_d13347